| 000 | 00467nam a2200181Ia 4500 | ||
|---|---|---|---|
| 008 | 180424s9999 xx 000 0 und d | ||
| 020 | _a138103828 | ||
| 084 | _a301 G9:1 | ||
| 100 | _a"Guetzkow, Harold" | ||
| 245 | 0 | _aSimulation in Social and Administrative Science | |
| 250 | _a\\197200ENGGPSX | ||
| 260 | _aPrentice Hall | ||
| 260 | _b1972 | ||
| 260 | _cEnglewood Cliffs | ||
| 300 | _axiv 768p | ||
| 500 | _aincludes index and biblioraphy | ||
| 942 | _cBK | ||
| 999 |
_c37683 _d37683 |
||